000 01086cam a2200313 4500
001 190933
003 SpMaBN
005 20240612130224.0
008 220830s2006 sp | |||| 00 0 spa
017 _aM 30738-2006
_bOficina Depósito Legal Madrid
020 _a978-84-9725-702-2
020 _a84-9725-702-2
035 _a(OCoLC)74884346
040 _aSpMaBN
_bspa
_cSpMaBN
_erdc
080 _a341.176(4-672 UE)(094.2)
080 _a342.7(4-672 UE)(094.2)
080 _a342.4(4-672 UE)"2004"(094.5)
245 0 0 _aCódigo Unión Europea /
_c[consejo de redacción, Alberto Alonso Ureba].
250 _aEd. sept. 2006.
260 _aLas Rozas, Madrid :
_bLa Ley,
_c2006.
300 _a553 p. ;
_c21 cm +
_e1 disco (CD-ROM)
500 _aÍndice.
610 2 7 _aUnión Europea-
_vTratados, convenios, etc.
_9174997
700 1 _aAlonso Ureba, Alberto.
_920416
852 _aES-MaACL
_jA-15298
_9198122
_cDEPO1
_dOlim: L 342.4(4-672 UE) "2006" cod
_dOlim: Meseton
852 _aES-MaACL
_jROT 6/3/3
_9203335
_cROT
942 _2udc
999 _c190933
_d190933